000 00369nam a2200145Ia 4500
008 230917s9999||||xx |||||||||||||| ||und||
040 _e52353
_aMAIN
041 _aEnglish
082 _a341.23 L96U
100 _aLuard, Evan
245 4 _aThe United Nations: how it works and what it does
260 _aLondon
_bMacmillan
_c1979
300 _ax, 187 p.
942 _cBK
999 _c199492
_d199492